Equipes de Ligue 1 depuis 2000 - Statistiques

Statistiques générales
  • Ce quiz a été pris 179 fois
  • Le résultat moyen est 34 sur 42
Statistiques - réponses
Nb. de saisons en L1 Dernière apparition Réponse % Correct
76 2025 Olympique de Marseille
100%
66 2025 LOSC Lille
99%
68 2025 Olympique Lyonnais
99%
69 2022 FC Girondins de Bordeaux
98%
67 2025 AS Monaco
97%
53 2025 Paris Saint-Germain
97%
70 2024 AS Saint-Etienne
96%
34 2025 AJ Auxerre
94%
57 2025 FC Nantes
94%
67 2025 OGC Nice
94%
3 2025 Paris FC
94%
63 2025 RC Lens
94%
65 2025 RC Strasbourg
94%
69 2025 Stade Rennais
94%
36 2025 Toulouse FC
94%
44 2024 MHSC Montpellier
92%
32 2025 Angers SCO
90%
64 2025 FC Metz
89%
20 2025 Stade Brestois
88%
25 2025 Le Havre AC
85%
18 2025 FC Lorient
83%
34 2017 SC Bastia
83%
42 2024 Stade de Reims
82%
14 2023 AC Ajaccio
81%
1 2016 Gazelec Ajaccio
81%
3 2024 Clermont Foot 63
76%
18 2019 Stade Malherbe de Caen
75%
3 2020 Amiens SC
74%
30 2017 AS Nancy
74%
13 2019 EAG Guingamp
74%
19 2023 ESTAC Troyes
74%
40 2021 Nîmes Olympique
74%
6 2021 DFCO Dijon
72%
66 2024 FC Sochaux Montbéliard
72%
4 2010 Grenoble Foot 38
72%
4 2015 Evian Thonon Gaillard
65%
6 2010 Le Mans FC
62%
33 2014 Valenciennes FC
61%
23 2007 CS Sedan
54%
1 2011 AC Arles Avignon
51%
1 2005 Istres FC
45%
1 2010 US Boulogne
44%
Aucun quiz correspondant
Distribution des résultats
% des personnes avec chaque résultat
Percentile par nombre de réponses
Votre historique - résultats
Vous n’avez pas pris ce quiz